Lightning on the sun : a novel /

Bibliographic Details
Main Author: Bingham, Robert, -1999
Format: Book
Language:English
Published: New York : Doubleday, 2000.
Edition:1st ed.
Subjects:
Online Access:Contributor biographical information
Sample text
Publisher description

MARC

Tag First Indicator Second Indicator Subfields
LEADER 00000cam a2200000 a 4500
001 in00002057721
005 20151101182136.0
008 990910s2000 nyu 000 1 eng
010 |a  99047900  
019 |a 43941367 
020 |a 0385488564 
035 |a (OCoLC)ocm42421009 
040 |a DLC  |c DLC  |d DPL  |d CLE  |d OCLCQ  |d UtOrBLW 
043 |a a-cb--- 
049 |a TXAM 
050 0 0 |a PS3552.I496  |b B56 2000 
082 0 0 |a 813/.54  |2 21 
100 1 |a Bingham, Robert,  |d -1999. 
245 1 0 |a Lightning on the sun :  |b a novel /  |c Robert Bingham. 
250 |a 1st ed. 
264 1 |a New York :  |b Doubleday,  |c 2000. 
300 |a 291 pages ;  |c 22 cm. 
336 |a text  |b txt  |2 rdacontent 
337 |a unmediated  |b n  |2 rdamedia 
338 |a volume  |b nc  |2 rdacarrier 
650 0 |a Americans  |z Cambodia  |v Fiction. 
651 0 |a Cambodia  |v Fiction. 
655 7 |a Adventure fiction.  |2 gsafd 
856 4 2 |3 Contributor biographical information  |u http://www.loc.gov/catdir/bios/random059/99047900.html  |t 0 
856 4 1 |3 Sample text  |u http://www.loc.gov/catdir/samples/random043/99047900.html  |t 0 
856 4 2 |3 Publisher description  |u http://www.loc.gov/catdir/description/random048/99047900.html  |t 0 
994 |a C0  |b TXA 
948 |a cataloged  |b h  |c 2005/6/29  |d c  |e bhartsfi  |f 2:47:47 pm 
999 |a MARS 
999 f f |s c0d4af40-3317-35bc-8275-5d57ed751b49  |i b9cf3392-d950-3d28-85ba-b09e0c728671  |t 0 
952 f f |p ric  |a Texas A&M University  |b Rellis Campus  |c Joint Library Facility  |d Remote Storage  |t 0  |e PS3552.I496 B56 2000  |h Library of Congress classification  |i unmediated -- volume  |m A14833760181 
998 f f |a PS3552.I496 B56 2000  |t 0  |l Remote Storage